| 000 | 00973nas a2200325 4500 | ||
|---|---|---|---|
| 001 | BR0104699 | ||
| 003 | BR-BrBNA | ||
| 005 | 20231205102432.0 | ||
| 007 | ta | ||
| 008 | 230509b bl.|||p| |||| 00| 00por d | ||
| 040 |
_aBR-BrBNA _bpor _cBiblioteca Nacional de Agricultura |
||
| 041 | _a(Pt) | ||
| 072 | _aL51; L02 | ||
| 100 | 1 | _aMoreira, I. | |
| 100 | 1 | _aOliveira, G.C. de | |
| 100 | 1 | _aFurlan, A.C. | |
| 100 | 1 | _aPatricio, V.M.I. | |
| 100 | 1 | _aMarcos Junior, M. | |
| 245 | 1 | _aUtilizacao da farinha pre-gelatinizada de milho na alimentacao de leitoes na fase de creche. Digestibilidade de desempenho | |
| 650 | _aLeitao | ||
| 650 | _aMilho | ||
| 650 | _aDigestibilidade | ||
| 650 | _aIdade | ||
| 650 | _aDesmama | ||
| 650 | _aDieta | ||
| 650 | _aPerformance | ||
| 773 | 0 |
_tRevista Brasileira de Zootecnia (Brazil) _xISSN 1516-3598 _g(Mar-Apr 2001), v. 30(2) p. 440-448 _wBR0104699 |
|
| 909 |
_a202311 _bLúcia _c55 _dLúcia Elande |
||
| 942 |
_2AGRIS _n0 _cANA |
||
| 999 |
_c167576 _d167576 |
||